| 000 | 00774nam a2200217 a 4500 | ||
|---|---|---|---|
| 001 | 000027017 | ||
| 005 | 20240314073718.0 | ||
| 008 | 110329t1972 dr 000 0bspa d | ||
| 040 |
_aDO-SdBNP _bspa _cBNPHU |
||
| 082 |
_a923.27293 _bD812P, 1972 |
||
| 100 | 1 |
_aPérez, Carlos Federico, _d1912-1984 _924849 |
|
| 245 | 1 | 0 |
_aDuarte : _bideal y realidad / _cCarlos Federico Pérez. |
| 250 | _a2a. ed. | ||
| 260 |
_aSanto Domingo : _bDel Caribe, _c1972. |
||
| 300 |
_a60 p. ; _c21 cm. |
||
| 500 | _aIncluye referencias bibliográficas y notas al pie de las páginas. | ||
| 590 | _aInventariado, 2020/VM | ||
| 600 | 1 | 0 |
_aDuarte, Juan Pablo, _d1813-1876 _91494 |
| 651 | 4 |
_aRepública Dominicana _xHistoria _y1844-1930 _xFuentes _938423 |
|
| 910 | _aValidado. Control de calidad EMS | ||
| 999 |
_c26509 _d26509 |
||